The gene factory : Inside the genetic and biotechnology business revolution
Contents: John Elkington writes that genetic engineering has already opened a 20th-century Pandora's Box, but it seems clear that the risk involved is well worth taking. The potential rewards across a spectrum of human hope and activity are too important not to be actively sought out understood...
Guardat en:
| Autor principal: | |
|---|---|
| Format: | Llibre |
| Idioma: | Undetermined |
| Publicat: |
New York
Carroll & Graf Publishers, Inc.
1985
|
| Matèries: | |
| Etiquetes: |
Afegir etiqueta
Sense etiquetes, Sigues el primer a etiquetar aquest registre!
|
| Thư viện lưu trữ: | Trung tâm Học liệu Trường Đại học Cần Thơ |
|---|
| LEADER | 00949nam a2200217Ia 4500 | ||
|---|---|---|---|
| 001 | CTU_221896 | ||
| 008 | 210402s9999 xx 000 0 und d | ||
| 082 | |a 338.47 | ||
| 082 | |b E43 | ||
| 100 | |a Elkington, John | ||
| 245 | 4 | |a The gene factory : | |
| 245 | 0 | |b Inside the genetic and biotechnology business revolution | |
| 245 | 0 | |c John Elkington | |
| 260 | |a New York | ||
| 260 | |b Carroll & Graf Publishers, Inc. | ||
| 260 | |c 1985 | ||
| 520 | |a Contents: John Elkington writes that genetic engineering has already opened a 20th-century Pandora's Box, but it seems clear that the risk involved is well worth taking. The potential rewards across a spectrum of human hope and activity are too important not to be actively sought out understood and controlled | ||
| 650 | |a Biotechnology industries,Công nghệ sinh học | ||
| 904 | |i Tô Chánh Trung | ||
| 910 | |a Tuyến | ||
| 980 | |a Trung tâm Học liệu Trường Đại học Cần Thơ | ||